Ekonómia reálnych a virtuálnych hospodárstiev

Pojem virtuálne hospodárstvo. Ekonómia virtuálnej ekonomiky. Pôvod evolučnej dynamiky hospodárstva.

Guardado en:
Detalles Bibliográficos
Autor principal: Andrášik, Ladislav
Formato: Capítulo de libro
Lenguaje:eslovaco
Materias:
Etiquetas: Agregar Etiqueta
Sin Etiquetas, Sea el primero en etiquetar este registro!

MARC

LEADER 00000naa a2200000 4500
001 0175239
005 20240502073004.6
041 0 |a slo 
044 |a SK 
245 1 0 |a Ekonómia reálnych a virtuálnych hospodárstiev  |c Ladislav Andrášik 
520 |a Pojem virtuálne hospodárstvo. Ekonómia virtuálnej ekonomiky. Pôvod evolučnej dynamiky hospodárstva. 
610 2 0 |a ekonomika nová 
610 2 0 |a ekonomika vedomostná 
610 2 0 |a teórie ekonomické 
610 2 0 |a technológie informačné 
610 2 0 |a technológie komunikačné 
610 2 0 |a technológie znalostné 
100 1 |a Andrášik, Ladislav